Fighter Jets by Picture #2 - Statistics

General Stats
  • This quiz has been taken 354 times
  • The average score is 5 of 14
Answer Stats
Picture Answer % Correct
Dassault Rafale
72%
Panavia Tornado
62%
Sukhoi Su-30
62%
F-104 Starfighter
58%
Saab Jas-39 Gripen
57%
A-6 Intruder
53%
A-4 Skyhawk
43%
De Haviland Vampire
38%
Northrop T-38 Talon
28%
Shenyang J-16
17%
BAC Strikemaster
13%
Boeing T-7 Red Hawk
9%
Canadair CF-5D
7%
Aermacchi MB-339
3%
No matching quizzes found
Score Distribution
Percent of People with Each Score
Percentile by Number Answered
Your Score History
You have not taken this quiz